[Event "Agneaux St Lo op U20 16th"]
[Site "Agneaux"]
[Date "2014.07.11"]
[Round "7"]
[White "Paillard, Eliott"]
[Black "Bouvet, Florian"]
[Result "0-1"]
[WhiteElo "1713"]
[BlackElo "1854"]
[PlyCount "116"]
[EventDate "2014.07.06"]
[EventType "swiss"]
[EventRounds "9"]
[EventCountry "FRA"]
[SourceTitle "EXT 2015"]
[Source "ChessBase"]
[SourceDate "2014.11.20"]
[SourceVersion "1"]
[SourceVersionDate "2014.11.20"]
[SourceQuality "1"]

1. d4 Nf6 2. Nf3 e6 3. Nbd2 c5 4. e3 Nc6 5. c3 d5 6. Bd3 Qb6 7. 0-0 Be7 8. Qe2 0-0 9. dxc5 Bxc5 10. Nb3 Be7 11. e4 dxe4 12. Bxe4 Nxe4 13. Qxe4 Bd7 14. Be3 Qc7 15. Rad1 e5 16. Rfe1 Rfe8 17. Ng5 Bxg5 18. Bxg5 f5 19. Qh4 b6 20. Rd3 f4 21. Red1 Bf5 22. Rd6 Rac8 23. Qh5 Rf8 24. Nc1 h6 25. Bf6 Bc2 26. Rd7 Bxd1 27. Qxd1 Rxf6 28. Rxc7 Rxc7 29. Qd5+ Kh8 30. Nd3 Re7 31. Nb4 Ree6 32. Nxc6 Rxc6 33. Qxe5 Rce6 34. Qb8+ Kh7 35. h3 Rf7 36. Qd8 g6 37. Qd5 Rfe7 38. Qf3 Re1+ 39. Kh2 R1e2 40. b3 Rxa2 41. Qxf4 Rae2 42. b4 R2e6 43. Qf3 Rc7 44. h4 h5 45. c4 Rec6 46. c5 bxc5 47. bxc5 Rxc5 48. Qa3 Rc4 49. g3 Rc2 50. Kg1 Rf7 51. f4 Rd7 52. Qf3 Rdd2 53. Qb7+ Kh6 54. Qb1 Rg2+ 55. Kh1 Rh2+ 56. Kg1 Rcg2+ 57. Kf1 Rb2 58. Qe4 Rb1+ 0-1